00915 a2200229 4500003000700000005001700007008004100024040003300065041000800098050002200106100002400128245021800152260004300370300003500413336002800448337003000476338002700506500005500533650003600588650001400624650004700638CBULib20250206074031.0240116b |||||||| |||| 00| 0 eng d cCBULibaCBULibbEnglisherda aeng aCBU-PG THESIS/MUM aMumbuluma, Stephen  aA prospective study of the clinical presentation and outcome of the current management of humeral supracondylar fractures in patient at Arthur Davison Children's Hospital, Ndola, Zambia c/ by Stephen Mumbuluma  bCopperbelt University,c2022.aKitwe:  axiii, 62 pages : illustrations 2rdacontentaText |btxt 2rdamediaaUnmediated |bn 2rdacarrieraVolumebnc aincludes bibliographical references and appendices 0aHUMERAL SUPRACONDYLAR FRACTURES 0aFRACTURES 0aARTHUR DAVISON CHILDREN'S HOSPITAL - NDOLA